| 000 | 004540000a22001810004500 | ||
|---|---|---|---|
| 020 | _a425-02677-9 | ||
| 041 | 0 | _aENG | |
| 082 | 0 | 4 | _aG 616.891 C4661g |
| 100 | 1 | _aChapman, A. H. | |
| 245 | 1 | 0 | _aThe games children play / A. H. Chapman |
| 260 | _aNew York, N.Y., USA : Berkley | ||
| 300 | _a256 Pag | ||
| 001 | 10453 | ||
| 942 | _cBK | ||
| 999 |
_c40004 _d40004 |
||
| 336 |
_atexto _btxt _2rdacontent |
||
| 337 |
_2rdamedia _asin mediación _bn |
||
| 338 |
_2rdacarrier _avolumen _bnc |
||